000 00590nam a2200181Ia 4500
003 GCL
008 140319s9999 xx 000 0 ara d
040 _aGCL /
_cGCL
082 0 4 _a791.43092
_bع م
100 1 _aعبدالمنعم سعد
245 1 0 _aالمخرج الفنان احمد بدرخان 1909 - 1969 : اسلوبه من خلال افلامه /
_cعبدالمنعم سعد
300 _a227 ص
490 _aالمكتبة العربية
_v0
650 0 4 _aالسينما
650 0 4 _aالاخراج السينمائى
650 0 4 _aاحمد بدرخان
942 _2ddc
_cBK
999 _c51892
_d51892